000 00339nam a2200133Ia 4500
008 151001s9999||||xx |||||||||||||| ||und||
100 _aमंगला चौहान
245 _aआखिरी मंजिल
250 _a1
260 _bकिरण प्रकाशन
260 _c2012
300 _a103
365 _b21
999 _c1000748
_d1000745